Personnel / human resource management, 4th Ed (Record no. 301306)
[ view plain ]
| 000 -LEADER | |
|---|---|
| fixed length control field | 00485 a2200169 4500 |
| 001 - CONTROL NUMBER | |
| control field | 66233 |
| 020 ## - INTERNATIONAL STANDARD BOOK NUMBER | |
| International Standard Book Number | 0029465028 |
| 082 ## - DEWEY DECIMAL CLASSIFICATION NUMBER | |
| Classification number | 658.3 CAR |
| 090 ## - LOCALLY ASSIGNED LC-TYPE CALL NUMBER (OCLC); LOCAL CALL NUMBER (RLIN) | |
| -- | 38519 |
| -- | 38519 |
| 100 ## - MAIN ENTRY--PERSONAL NAME | |
| Personal name | Carrell Michael R. |
| 245 ## - TITLE STATEMENT | |
| Title | Personnel / human resource management, 4th Ed |
| Statement of responsibility, etc. | Carrell Michael R. |
| Medium | English |
| 250 ## - EDITION STATEMENT | |
| Edition statement | 4 |
| 260 ## - PUBLICATION, DISTRIBUTION, ETC. | |
| Place of publication, distribution, etc. | NY |
| Name of publisher, distributor, etc. | Macmillan |
| Date of publication, distribution, etc. | 1993 |
| 300 ## - PHYSICAL DESCRIPTION | |
| Extent | xx, 792 p. |
| 600 ## - SUBJECT ADDED ENTRY--PERSONAL NAME | |
| Personal name | Frank E. Kuzmtis; Norbert F. Elbert |
| Title of a work | human resource management |
| 650 ## - SUBJECT ADDED ENTRY--TOPICAL TERM | |
| Topical term or geographic name entry element | Personnel management |
| 942 ## - ADDED ENTRY ELEMENTS (KOHA) | |
| Institution code [OBSOLETE] | NUST-CAE |
| Call number prefix | 658.3 CAR |
| Withdrawn status | Lost status | Damaged status | Not for loan | Collection code | Permanent Location | Current Location | Date acquired | Total Checkouts | Full call number | Barcode | Date last seen | Price effective from | Koha item type |
|---|---|---|---|---|---|---|---|---|---|---|---|---|---|
| College of Aeronautical Engineering (CAE) | College of Aeronautical Engineering (CAE) | 04/03/2017 | 658.3 CAR | CAE59372 | 04/05/2017 | 04/05/2017 | Book | ||||||
| College of Aeronautical Engineering (CAE) | College of Aeronautical Engineering (CAE) | 04/03/2017 | 658.3 CAR | CAE59701 | 04/05/2017 | 04/05/2017 | Book |
